Statistics for BTS Quiz

Click here to take the quiz!

General Stats

  • This quiz has been taken 585 times
  • The average score is 12 of 22

Answer Stats

QuestionAnswer% Correct
What is group's fandom name?ARMY
99%
Under which entertainment does the group exist?BigHit
89%
What nickname is given to Jungkook by his members?The {Golden} Maknae
86%
Which American TV series did Rap Monster learn his English from?Friends
79%
What does Rap Monster say to Jimin when they were in an airplane?You have no {jams}
78%
In which TV series did V appear in?Hwarang
76%
What city is Suga from?Daegu
73%
What surname does three members share?Kim
73%
What is the name of J-Hope's first solo album?Hope World
71%
Which song did they perform at the 2017 American Music Awards?DNA
65%
What rap song series does the rap line have different versions of?Cypher
57%
What is the name of BTS' debut single album?2 Cool 4 Skool
54%
What is above's title track?Daydream
51%
What is the name of Jungkook's solo track in Wings?Begin
50%
What is the name of BTS stickers in the Line Friends?BT21
50%
With which American singer did BTS perform at the 2018 MGA?Charlie Puth
47%
What name does Suga use in his solo carrier?August D
34%
With which song did they win the best music video of 2017 MAMA?Spring Day
33%
What is the name of V's character in the above?Han Sung
24%
Which one of Love Yourself: Her tracks is dedicated to the above?Pied Piper
23%
Who is V's favorite Hollywood actress?Rachel McAdams
12%
With which album did they debut in Japan?Wake Up
10%

Score Distribution

Percentile by Number Answered

Percent of People with Each Score

Your Score History

You have not taken this quiz